[Event "Skara Vastgota op"]
[Site "Skara"]
[Date "2022.10.29"]
[Round "5"]
[White "Johansson, Stefan2222"]
[Black "Kleimark, Anders Ludvig"]
[Result "0-1"]
[WhiteElo "2024"]
[BlackElo "1976"]
[PlyCount "68"]
[EventDate "2022.10.29"]
[EventType "swiss"]
[EventRounds "9"]
[EventCountry "SWE"]
[SourceTitle "EXT 2024"]
[Source "ChessBase"]
[SourceDate "2023.10.10"]
[SourceVersion "1"]
[SourceVersionDate "2023.10.10"]
[SourceQuality "1"]

1. e4 c5 2. Nc3 d6 3. g3 g6 4. Bg2 Bg7 5. d3 Nc6 6. f4 e6 7. Nf3 Nge7 8. 0-0 0-0 9. a4 Rb8 10. Ne2 a6 11. c3 b5 12. Be3 bxa4 13. Qd2 Qb6 14. Rfb1 Qb5 15. d4 Na5 16. Qc2 Nb3 17. Ra2 Bd7 18. dxc5 Nxc5 19. Ned4 Qb7 20. e5 d5 21. Bf1 Rfc8 22. Qd2 Ne4 23. Qe1 Nxc3 24. Raa1 Nxb1 25. Rxb1 a3 26. b3 Nc6 27. Nxc6 Bxc6 28. Qa5 Bb5 29. Qxa3 Bxf1 30. Kxf1 d4 31. Nxd4 Qh1+ 32. Bg1 Rd8 33. Ne2 Rd2 34. Qa5 Qf3+ 0-1

[Event "OP-2020-0-05003"]
[Site "LSS email"]
[Date "2020.08.01"]
[Round "?"]
[White "Kleimark, Anders Ludvig"]
[Black "Obrien, Glenn"]
[Result "1-0"]
[WhiteElo "1623"]
[BlackElo "1315"]
[PlyCount "71"]
[EventDate "2020.07.28"]
[EventType "tourn (corr)"]
[EventRounds "4"]
[EventCountry "GER"]
[SourceTitle "Corr 2022"]
[Source "ChessBase"]
[SourceDate "2021.10.24"]
[SourceVersion "1"]
[SourceVersionDate "2021.10.24"]
[SourceQuality "1"]

1. d4 Nf6 2. c4 e6 3. g3 d5 4. Nf3 dxc4 5. Bg2 Nc6 6. Qa4 Bb4+ 7. Bd2 Nd5 8. Qb5 Bxd2+ 9. Nbxd2 c3 10. bxc3 Nxc3 11. Qb2 Na4 12. Qc2 Nb6 13. e3 0-0 14. 0-0 Qe7 15. a4 f6 16. a5 Nd5 17. Rfb1 Rd8 18. Qc4 f5 19. a6 Nb6 20. Qc5 Qd6 21. axb7 Bxb7 22. Nc4 Qxc5 23. dxc5 Nxc4 24. Rxb7 Rab8 25. Rxc7 Rdc8 26. Rxc8+ Rxc8 27. Ng5 a5 28. Nxe6 Kh8 29. Nd4 Nxd4 30. exd4 Rd8 31. d5 Ra8 32. Ra4 Nb2 33. Ra2 Nc4 34. d6 Rd8 35. Rc2 Na3 36. c6 1-0

[Event "OP-2020-0-04963"]
[Site "LSS email"]
[Date "2020.05.03"]
[Round "?"]
[White "Claus, Jens"]
[Black "Kleimark, Anders Ludvig"]
[Result "0-1"]
[WhiteElo "1600"]
[BlackElo "1643"]
[PlyCount "44"]
[EventDate "2020.04.22"]
[EventType "tourn (corr)"]
[EventRounds "4"]
[EventCountry "GER"]
[SourceTitle "Corr 2022"]
[Source "ChessBase"]
[SourceDate "2021.10.24"]
[SourceVersion "1"]
[SourceVersionDate "2021.10.24"]
[SourceQuality "1"]

1. e4 e5 2. Nf3 Nc6 3. Bc4 Nf6 4. Nc3 Nxe4 5. Ne2 d5 6. Bb5 Bd6 7. d3 Nf6 8. 0-0 0-0 9. Bg5 Bg4 10. Bxc6 bxc6 11. Ne1 h6 12. Bxf6 Qxf6 13. f3 Bd7 14. Ng3 Rab8 15. b3 a5 16. a4 Qf4 17. Ne2 Qe3+ 18. Kh1 e4 19. Ra2 Rfe8 20. c3 exd3 21. Rd2 dxe2 22. Rxe2 Qxe2 0-1

[Event "OP-2020-0-04963"]
[Site "LSS email"]
[Date "2020.05.03"]
[Round "?"]
[White "Trevis, Robert R"]
[Black "Kleimark, Anders Ludvig"]
[Result "0-1"]
[WhiteElo "892"]
[BlackElo "1643"]
[PlyCount "54"]
[EventDate "2020.04.22"]
[EventType "tourn (corr)"]
[EventRounds "4"]
[EventCountry "GER"]
[SourceTitle "Corr 2022"]
[Source "ChessBase"]
[SourceDate "2021.10.24"]
[SourceVersion "1"]
[SourceVersionDate "2021.10.24"]
[SourceQuality "1"]

1. e4 e5 2. Nf3 Nc6 3. d4 exd4 4. Nxd4 Nf6 5. Nc3 Bb4 6. a3 Bxc3+ 7. bxc3 Nxe4 8. Nxc6 dxc6 9. Qxd8+ Kxd8 10. Bd3 Nc5 11. Bg5+ f6 12. Be3 Nxd3+ 13. cxd3 Bf5 14. Rd1 Kc8 15. 0-0 b6 16. Bf4 Re8 17. d4 Re4 18. g3 Kd7 19. h4 Rae8 20. c4 Bh3 21. d5 Bxf1 22. dxc6+ Kxc6 23. Kxf1 Rxc4 24. Kg1 h6 25. Kg2 Rc3 26. a4 Re4 27. Bd2 Rc2 0-1

[Event "Helsingor Xtracon op"]
[Site "Helsingor"]
[Date "2019.07.22"]
[Round "4"]
[White "Kleimark, Anders Ludvig"]
[Black "Tolba, Henri"]
[Result "0-1"]
[WhiteElo "2032"]
[BlackElo "1752"]
[PlyCount "142"]
[EventDate "2019.07.20"]
[EventType "swiss"]
[EventRounds "10"]
[EventCountry "DEN"]
[SourceTitle "CBM 191 Extra"]
[Source "ChessBase"]
[SourceDate "2019.09.30"]
[SourceVersion "1"]
[SourceVersionDate "2019.09.30"]
[SourceQuality "1"]

1. d4 Nf6 2. c4 e6 3. g3 d5 4. Nf3 Be7 5. Bg2 0-0 6. 0-0 b6 7. Qc2 Bb7 8. cxd5 exd5 9. Ne5 c6 10. Bf4 Nfd7 11. Nd3 Nf6 12. Nc3 Na6 13. a3 Nc7 14. Bxc7 Qxc7 15. Nxd5 Nxd5 16. Bxd5 Qd6 17. Be4 Qxd4 18. Nf4 g6 19. Rad1 Qf6 20. Rd7 Rab8 21. Qa4 a5 22. Rfd1 Rfd8 23. Qb3 Ba8 24. R1d3 Rxd7 25. Rxd7 Bd6 26. Nd3 h5 27. Ne1 Bc5 28. Nf3 h4 29. Qc4 h3 30. Bb1 Rd8 31. Rxd8+ Qxd8 32. Bd3 Qf6 33. Qc2 Bb7 34. Bc4 Bc8 35. Qe4 Be6 36. Bxe6 Qxe6 37. Qxe6 fxe6 38. e3 Kg7 39. Ne5 Bd6 40. Nxc6 e5 41. f4 exf4 42. gxf4 Kf6 43. Nd4 g5 44. fxg5+ Kxg5 45. Nb5 Be5 46. b3 Kf5 47. Na7 Ke4 48. Nc8 Bc7 49. Ne7 b5 50. a4 b4 51. Kh1 Bb6 52. Kg1 Bxe3+ 53. Kh1 Bf4 54. Nc6 Bc7 55. Ne7 Kd3 56. Nd5 Bd6 57. Nb6 Kc2 58. Nc4 Bc7 59. Ne3+ Kxb3 60. Nd5 Bd8 61. Nb6 Kc2 62. Nc4 b3 63. Na3+ Kc1 64. Nc4 b2 65. Nxb2 Kxb2 66. Kg1 Bc7 67. Kh1 Kb3 68. Kg1 Kxa4 69. Kf2 Bxh2 70. Kf1 Kb3 71. Kf2 a4 0-1

[Event "Helsingor Xtracon op"]
[Site "Helsingor"]
[Date "2019.07.21"]
[Round "3"]
[White "Wahlgreen, Noah Krug"]
[Black "Kleimark, Anders Ludvig"]
[Result "1/2-1/2"]
[WhiteElo "1743"]
[BlackElo "2032"]
[PlyCount "166"]
[EventDate "2019.07.20"]
[EventType "swiss"]
[EventRounds "10"]
[EventCountry "DEN"]
[SourceTitle "CBM 191 Extra"]
[Source "ChessBase"]
[SourceDate "2019.09.30"]
[SourceVersion "1"]
[SourceVersionDate "2019.09.30"]
[SourceQuality "1"]

1. e4 e5 2. Nf3 Nc6 3. Bc4 Nf6 4. d3 Be7 5. 0-0 0-0 6. c3 d5 7. exd5 Nxd5 8. Re1 Bg4 9. h3 Bh5 10. Nbd2 Nb6 11. Bb5 f6 12. Bxc6 bxc6 13. Ne4 Qd5 14. c4 Qd7 15. Nxe5 fxe5 16. Qxh5 Qxd3 17. Qxe5 Rae8 18. Qc3 Qxc4 19. Qxc4+ Nxc4 20. b3 Ne5 21. Be3 Bb4 22. Re2 Nd3 23. Ng3 a5 24. Rc2 Bd6 25. Nf1 Nb4 26. Rc4 Be5 27. Rd1 Nxa2 28. Rxc6 Bd6 29. Bc5 Nb4 30. Bxd6 Nxc6 31. Bxf8 Kxf8 32. Ne3 Rb8 33. Rc1 Nd4 34. Rxc7 Nxb3 35. Ra7 Rb5 36. g4 Nd4 37. Nc4 Nc6 38. Rc7 Ne5 39. Nd6 Rb6 40. Nf5 Ra6 41. Rxg7 a4 42. Rb7 a3 43. Rb1 a2 44. Ra1 Nf3+ 45. Kh1 Nd2 46. Nd4 Ra4 47. Kg2 Ke7 48. f4 Kf6 49. Kg3 Rxd4 50. Rxa2 Rd3+ 51. Kh4 Nf3+ 52. Kh5 Ng1 53. Ra6+ Kf7 54. h4 Ne2 55. Ra7+ Ke6 56. f5+ Kd6 57. Kg5 Ng1 58. Rxh7 Nf3+ 59. Kf4 Nh2 60. Rh6+ Ke7 61. Re6+ Kf7 62. Re4 Rh3 63. h5 Nf1 64. Kg5 Nd2 65. Ra4 Nf3+ 66. Kf4 Ne1 67. Ra7+ Kg8 68. Kg5 Nd3 69. Kf6 Nf4 70. Kg5 Nd3 71. f6 Ne5 72. Re7 Nf7+ 73. Kg6 Nh8+ 74. Kh6 Nf7+ 75. Kg6 Nh8+ 76. Kf5 Rf3+ 77. Ke4 Rxf6 78. g5 Ra6 79. Kf5 Ra5+ 80. Kf6 Ra6+ 81. Re6 Rxe6+ 82. Kxe6 Kg7 83. Kf5 Nf7 1/2-1/2

[Event "Helsingor Xtracon op"]
[Site "Helsingor"]
[Date "2018.07.28"]
[Round "9"]
[White "Kleimark, Anders Ludvig"]
[Black "Urkedal, Frode Olav Olsen"]
[Result "0-1"]
[WhiteElo "2024"]
[BlackElo "2552"]
[PlyCount "78"]
[EventDate "2018.07.21"]
[EventType "swiss"]
[EventRounds "10"]
[EventCountry "DEN"]
[SourceTitle "CBM 185 Extra"]
[Source "ChessBase"]
[SourceDate "2018.07.29"]
[SourceVersion "1"]
[SourceVersionDate "2018.07.29"]
[SourceQuality "1"]

1. d4 Nf6 2. c4 e6 3. g3 c5 4. d5 exd5 5. cxd5 b5 6. e4 Nxe4 7. Bg2 Nd6 8. Qe2+ Be7 9. Bg5 h6 10. Be3 0-0 11. Nh3 b4 12. Qg4 f5 13. Qh5 Bf6 14. Nd2 Ba6 15. Bxh6 gxh6 16. Qg6+ Bg7 17. Qxd6 Qe8+ 18. Ne4 fxe4 19. 0-0-0 Qe5 20. Qxe5 Bxe5 21. Rhe1 d6 22. Rxe4 Nd7 23. Rg4+ Bg7 24. Nf4 Ne5 25. Rh4 c4 26. Bh3 Nd3+ 27. Kb1 Nxf4 28. gxf4 c3 29. Rg1 Bd3+ 30. Kc1 cxb2+ 31. Kd2 b1Q 32. Be6+ Kh7 33. Rxb1 Bxb1 34. Kc1 Bxa2 35. f5 b3 36. f6 Rxf6 37. Rb4 Rxf2 38. h4 Raf8 39. h5 Rc2+ 0-1

[Event "Helsingor Xtracon op"]
[Site "Helsingor"]
[Date "2018.07.23"]
[Round "4"]
[White "Schwarz, Frank"]
[Black "Kleimark, Anders Ludvig"]
[Result "1-0"]
[WhiteElo "2234"]
[BlackElo "2024"]
[PlyCount "135"]
[EventDate "2018.07.21"]
[EventType "swiss"]
[EventRounds "10"]
[EventCountry "DEN"]
[SourceTitle "CBM 185 Extra"]
[Source "ChessBase"]
[SourceDate "2018.07.29"]
[SourceVersion "1"]
[SourceVersionDate "2018.07.29"]
[SourceQuality "1"]

1. c4 Nf6 2. g3 c6 3. Bg2 d5 4. cxd5 cxd5 5. Nf3 Bg4 6. 0-0 Nbd7 7. d3 e6 8. Nc3 Be7 9. Bf4 0-0 10. Rc1 Qa5 11. a3 b5 12. Nd4 Rac8 13. Bd2 b4 14. axb4 Bxb4 15. h3 Bh5 16. g4 Bg6 17. Nb3 Qb6 18. Na4 Qb8 19. Nd4 Rxc1 20. Bxc1 Qc7 21. Be3 Rc8 22. Qb3 a5 23. Rc1 Qb7 24. Rxc8+ Qxc8 25. Qc2 Qb8 26. Qc6 Ne5 27. Qa6 Qe8 28. b3 h5 29. g5 Nh7 30. f4 Nd7 31. Nc6 Nb8 32. Nxb8 Qxb8 33. Qc6 Bd6 34. Nc5 Bxf4 35. Bxf4 Qxf4 36. Qa8+ Nf8 37. Nd7 Qe3+ 38. Kf1 Qc1+ 39. Kf2 Qf4+ 40. Bf3 Qh4+ 41. Kf1 Qb4 42. Nxf8 Qxf8 43. Qxa5 Qb8 44. b4 Qf4 45. Qc5 Bxd3 46. Ke1 Bc4 47. b5 Qg3+ 48. Kd1 Bb3+ 49. Kd2 Qxg5+ 50. Qe3 Qxe3+ 51. Kxe3 Bc4 52. b6 Ba6 53. Kd4 g6 54. Kc5 Kg7 55. Kc6 Kh6 56. e3 d4 57. exd4 g5 58. Kc7 f5 59. Be2 Bxe2 60. b7 g4 61. h4 f4 62. b8Q Kg6 63. Qf8 f3 64. Qf4 Bd3 65. Kd6 Bf5 66. Ke7 Kh7 67. Kf6 e5 68. Qxf5+ 1-0

[Event "ZI-2016-0-02171"]
[Site "LSS email"]
[Date "2016.06.02"]
[Round "?"]
[White "Correa de Almeida, Claudio"]
[Black "Kleimark, Anders Ludvig"]
[Result "1-0"]
[WhiteElo "1581"]
[BlackElo "1740"]
[PlyCount "93"]
[EventDate "2016.05.24"]
[EventType "match (corr)"]
[EventRounds "2"]
[EventCountry "GER"]
[SourceTitle "Corr 2022"]
[Source "ChessBase"]
[SourceDate "2021.10.24"]
[SourceVersion "1"]
[SourceVersionDate "2021.10.24"]
[SourceQuality "1"]

1. e4 e5 2. Nf3 Nc6 3. Bb5 Nf6 4. d3 Bc5 5. Bxc6 dxc6 6. Nbd2 Be6 7. 0-0 0-0 8. Nxe5 Re8 9. c3 Nd7 10. Nxd7 Qxd7 11. Nf3 Rad8 12. b4 Bf8 13. Ne5 Qc8 14. Be3 f6 15. Nf3 Bc4 16. Nd4 Bf7 17. Qb1 c5 18. bxc5 Bxc5 19. Nc6 Bxe3 20. Nxd8 Bxf2+ 21. Rxf2 Rxd8 22. d4 Re8 23. Qd3 b5 24. Qxb5 Rxe4 25. Re2 Qg4 26. Rxe4 Qxe4 27. Qb8+ Be8 28. Qxc7 h5 29. Qg3 h4 30. Re1 hxg3 31. Rxe4 gxh2+ 32. Kxh2 Bc6 33. Re7 a6 34. c4 Kf8 35. Re6 Bb7 36. Rb6 Be4 37. Rxa6 Ke7 38. a4 g5 39. d5 f5 40. a5 g4 41. Rc6 Kd7 42. a6 f4 43. a7 g3+ 44. Kh1 f3 45. a8Q f2 46. Qb7+ Kd8 47. Rc8# 1-0

[Event "BI-2015-P-0000"]
[Site "LSS email"]
[Date "2015.04.16"]
[Round "?"]
[White "Mason, Ian C"]
[Black "Kleimark, Anders Ludvig"]
[Result "1-0"]
[WhiteElo "2244"]
[BlackElo "1950"]
[PlyCount "25"]
[EventDate "2015.04.22"]
[EventType "tourn (corr)"]
[EventRounds "10"]
[EventCountry "GER"]
[SourceTitle "Corr 2022"]
[Source "ChessBase"]
[SourceDate "2021.10.24"]
[SourceVersion "1"]
[SourceVersionDate "2021.10.24"]
[SourceQuality "1"]

1. d4 Nf6 2. Bg5 e6 3. Nd2 Be7 4. e4 d5 5. e5 Nfd7 6. Bxe7 Qxe7 7. c3 c5 8. Ngf3 Nc6 9. Bd3 0-0 10. 0-0 f6 11. exf6 Qxf6 12. dxc5 Nxc5 13. Bc2 1-0